000
00309nam a22001337a 4500
008
170907b xxu||||| |||| 00| 0 eng d
020
_a
9780470528525
041
_a
eng
080
_2
2 ED
_a
91
100
_a
42
101
_a
GEO
245
_a
DISCOVER PHYSICAL GEOGRAPHY
_c
ARBOGAST.A.F
942
_2
udc
_c
BK
999
_c
26603
_d
26603